| 000 | 00520nam a2200181Ia 4500 | ||
|---|---|---|---|
| 003 | GCL | ||
| 008 | 140319s9999 xx 000 0 eng d | ||
| 040 |
_aGCL / _cGCL |
||
| 082 | 0 | 4 |
_a650 _bB B |
| 100 | 1 | _aBERESFORD, CYNTHIA | |
| 245 | 1 | 0 |
_aBUSINESS COMMUNICATION: PRACTICAL WRITTEN ENGLISH FOR THE MODERN BUSINESS WORLD / _cBERESFORD, CYNTHIA |
| 260 |
_a[S.N] : _bAL SHOROUK ، _c1984 |
||
| 300 | _a112 P | ||
| 650 | 0 | 4 | _aBUSINESS COMMUNICATION |
| 650 | 0 | 4 | _aMODERN BUSINESS |
| 650 | 0 | 4 | _aBUSINESS |
| 942 |
_2ddc _cBK |
||
| 999 |
_c15640 _d15640 |
||